000
00302nam a22001457a 4500
008
210527b ||||| |||| 00| 0 eng d
020
_a
9780813108629
041
_a
eng
080
_a
2
082
_a
2
100
_a
24
101
_a
FE
245
_a
The Great Revival
_c
Boles,J.B
942
_2
udc
_c
BK
999
_c
57731
_d
57731